[Event "Match"]
[Site "www.echecsemail.com"]
[Date "2018.03.20"]
[Round "1"]
[White "Hundegana"]
[Black "Gilliere"]
[WhiteElo "1990"]
[BlackElo "2040"]
[Result "1-0"]
[Round "1"]
1.d4 Ng8f6
2.c4 d6
3.d5 Nb8d7
4.b3 Nd7b6
5.Nb1c3 g6
6.a4 Bf8g7
7.Ra1a2 O-O
8.h3 e5
9.dxe6 Bc8xe6
10.Ng1f3 Rf8e8
11.Bc1g5 Qd8c8
12.Qd1c2 h6
13.Bg5xf6 Bg7xf6
14.e3 g5
15.Bf1d3 Kg7
16.Nc3e4 Nb6d7
17.O-O Be6f5
18.Ne4xf6 Bf5xd3
19.Nf6xe8 Qc8xe8
20.Qc2xd3 f6
21.Nf3d4 Nd7e5
22.Qd3f5 a5
23.Nd4e6 { resign }
1-0

[Event "Match"]
[Site "www.echecsemail.com"]
[Date "2018.03.20"]
[Round "1"]
[White "Fegatux"]
[Black "Pinehill"]
[WhiteElo "2169"]
[BlackElo "2000"]
[Result "1-0"]
[Round "1"]
1.d4 Ng8f6
2.c4 e6
3.Ng1f3 b6
4.g3 Bc8a6
5.Qd1c2 c5
6.Bf1g2 Nb8c6
7.dxc5 bxc5
8.b3 g6
9.Bc1b2 Bf8g7
10.O-O Ba6b7
11.a3 O-O
12.Rf1d1 d5
13.cxd5 exd5
14.Nb1d2 Rf8e8
15.e3 Qd8e7
16.Ra1c1 Nf6d7
17.Bb2xg7 Kxg7
18.h4 Nd7e5
19.Nf3xe5 Nc6xe5
20.Qc2xc5 Ne5d3
21.Qc5d4 Nd3e5
22.f4 f6
23.fxe5 fxe5
24.Qd4c5 e4
25.b4 { resign }
1-0

[Event "Fast Game"]
[Site "www.echecsemail.com"]
[Date "2018.03.20"]
[Round "1"]
[White "Sefj"]
[Black "Picifarkinca"]
[WhiteElo "1719"]
[BlackElo "1790"]
[Result "0-1"]
[Round "1"]
1.d4 d5
2.Bc1f4 e6
3.g3 Bf8d6
4.Bf4xd6 Qd8xd6
5.e3 Ng8f6
6.Nb1c3 c6
7.Bf1d3 e5
8.dxe5 Qd6xe5
9.Ng1f3 Qe5h5
10.Bd3e2 Bc8g4
11.Nf3h4 Bg4xe2
12.Nc3xe2 g5
13.Nh4f5 Qh5f3
14.Nf5d6 Ke7
15.Nd6f5 Qf3xf5
16.Ne2d4 Qf5h3
17.Qd1f3 Nb8d7
18.Nd4f5 Ke6
19.Nf5g7 Ke5
 { time }
0-1

[Event "Fast Game"]
[Site "www.echecsemail.com"]
[Date "2018.03.20"]
[Round "1"]
[White "Cal"]
[Black "Sefj"]
[WhiteElo "1710"]
[BlackElo "1769"]
[Result "1-0"]
[Round "1"]
1.c4 g6
2.Nb1c3 Bf8g7
3.d4 d6
4.h3 b6
5.Ng1f3 Bc8b7
6.e4 Ng8f6
7.Bf1d3 Nf6d7
8.O-O Nb8c6
9.a3 Nc6xd4
10.Nc3d5 Nd4xf3
11.Qd1xf3 O-O
12.Ra1b1 e6
13.Nd5f4 Nd7c5
14.Bd3c2 e5
15.Nf4e2 Qd8e7
16.Qf3g4 Bb7c8
17.Qg4g3 Bc8b7
18.f4 Bb7xe4
19.Bc2xe4 Nc5xe4
20.Qg3h2 c5
21.f5 g5
22.b4 cxb4
23.axb4 Ra8c8
24.Rf1f3  { time }
1-0

[Event "Tourn. n9720"]
[Site "www.chess-mail.com"]
[Date "2018.03.21"]
[Round "1"]
[White "Picifarkinca"]
[Black "Caroluigi"]
[WhiteElo "1630"]
[BlackElo "1450"]
[Result "0-1"]
[Round "1"]
1.d4 d5
2.c4 e6
3.Nb1c3 Ng8f6
4.Bc1g5 c6
5.cxd5 exd5
6.e3 Bf8e7
7.Ng1f3 Nb8d7
8.Bf1d3 O-O
9.O-O Qd8c7
10.Ra1c1 Rf8e8
11.Bd3f5 Nd7b6
12.Bf5xc8 Qc7xc8
13.Rf1e1 Nb6d7
14.Nf3e5 Nd7xe5
15.dxe5 Nf6d7
16.Bg5xe7 Re8xe7
17.f4 Qc8d8
18.Qd1b3 Nd7c5
19.Qb3d1 Qd8b6
20.Qd1d4 Nc5e6
21.Qd4xb6 axb6
22.a3 Ne6c5
23.Rc1d1 Re7d7
24.Rd1d4 b5
25.Re1c1 Nc5b3
26.Rc1d1 Nb3xd4
27.exd4 h5
28.h4 Rd7d8
29.Kf2 b6
30.Kf3 Ra8a5
31.g3 Kf8
32.Ke3 Ke7
33.Rd1d2 Ke6
34.Kf3 c5
35.Ke3 b4
36.Nc3b1 bxa3
37.Nb1xa3 c4
38.Rd2c2 b5
39.Na3b1 Rd8a8
40.Kf2 b4
41.Kf3 Ra5a1
42.Nb1d2 Ra8a2
43.Nd2xc4 dxc4
44.Rc2xc4 Ra2xb2
{ resign }
0-1

[Event "Tourn. n9700"]
[Site "www.chess-mail.com"]
[Date "2018.03.21"]
[Round "1"]
[White "Hundegana"]
[Black "Osopanda"]
[WhiteElo "2010"]
[BlackElo "1840"]
[Result "1/2-1/2"]
[Round "1"]
1.e4 e5
2.b3 d6
3.Bc1b2 Bc8e6
4.d4 exd4
5.Bb2xd4 Nb8c6
6.Bd4c3 Ng8f6
7.Nb1d2 Bf8e7
8.h3 O-O
9.Bf1d3 Nc6e5
10.Bc3xe5 dxe5
11.Ng1f3 Nf6d7
12.O-O c6
13.Bd3c4 Be6xc4
14.Nd2xc4 Qd8c7
15.Qd1e2 Ra8d8
16.Ra1d1 b5
17.Nc4b2 a6
18.Rd1d3 Nd7c5
19.Rd3xd8 Rf8xd8
20.Rf1d1 Rd8xd1
21.Nb2xd1 Qc7d6
22.Nd1b2 f5
23.exf5 e4
24.Nf3h2 Be7f6
25.Nb2d1 Qd6e5
26.b4 Nc5a4
27.Nh2g4 Na4c3
28.Nd1xc3 Qe5xc3
29.Qe2xe4 h5
30.Ng4xf6 gxf6
31.Qe4e8 Kg7
32.Qe8e7 Kg8
33.Qe7e8 Kg7
34.Qe8xh5 Qc3xc2
35.Qh5g6 Kf8
36.Qg6xf6 Ke8
37.Qf6e6 Kf8
38.f6 Qc2c1
39.Kh2 Qc1f4
40.Kg1 Qf4c1
41.Kh2 Qc1f4
{ draw }
1/2-1/2

[Event "Tourn. n9700"]
[Site "www.chess-mail.com"]
[Date "2018.03.21"]
[Round "1"]
[White "Osopanda"]
[Black "Falcoale"]
[WhiteElo "1800"]
[BlackElo "1930"]
[Result "0-1"]
[Round "1"]
1.e4 c5
2.Ng1f3 Nb8c6
3.c3 e6
4.d4 cxd4
5.cxd4 d5
6.e5 Ng8e7
7.Nb1c3 a6
8.Bf1d3 Ne7f5
9.Nc3e2 Bf8b4
10.Bc1d2 O-O
11.O-O b5
12.a3 Bb4a5
13.Bd2xa5 Nc6xa5
14.Ra1c1 Na5c4
15.Bd3xc4 bxc4
16.g4 Nf5e7
17.Ne2g3 Ne7c6
18.Ng3h5 Nc6e7
19.Nf3h4 Ne7g6
20.Nh4xg6 fxg6
21.Nh5g3 a5
22.b3 Bc8a6
23.bxc4 Ba6xc4
24.Rf1e1 a4
25.f3 Bc4b3
26.Qd1e2 Bb3c4
27.Qe2g2 Ra8b8
28.h4 Rb8b3
29.h5 gxh5
30.Ng3xh5 Rb3xf3
31.Nh5f6 Rf3xf6
32.exf6 Qd8xf6
33.Rc1d1 Bc4b3
34.Rd1d2 Qf6e7
35.Re1e3 Rf8e8
36.Rd2f2 Qe7xa3
37.g5 Qa3c1
38.Kh2 Qc1xe3
39.Qg2f3 Qe3xf3
40.Rf2xf3 Re8b8
{ resign }
0-1

[Event "Tourn. n9699"]
[Site "www.chess-mail.com"]
[Date "2018.03.21"]
[Round "1"]
[White "Azulmarino"]
[Black "Pachi"]
[WhiteElo "1530"]
[BlackElo "1640"]
[Result "0-1"]
[Round "1"]
1.e4 e5
2.Ng1f3 d6
3.Bf1c4 Bc8g4
4.Nb1c3 c6
5.d3 Bg4xf3
6.Qd1xf3 Ng8f6
7.Bc1g5 Bf8e7
8.O-O b5
9.Bc4b3 a5
10.a3 a4
11.Rf1e1 axb3
12.cxb3 Nb8a6
13.b4 c5
14.Nc3xb5 cxb4
15.axb4 Na6xb4
16.Ra1c1 Ra8a2
17.Qf3e3 O-O
18.Qe3g3 g6
19.b3 Ra2b2
20.Bg5h6 Rf8e8
21.Re1e3 Qd8b6
22.Nb5c3 Rb2xb3
23.Nc3a4 Qb6c6
24.Re3f3 Qc6xa4
25.h4 Nf6h5
26.Qg3g4 Rb3xd3
27.Rc1c8 Rd3xf3
28.gxf3 Nb4d3
29.Kg2 Nd3f4
30.Bh6xf4 Nh5xf4
31.Kh2 h5
32.Rc8xe8 Qa4xe8
33.Qg4g1 Be7xh4
34.Qg1f1 g5
35.Qf1a6 Bh4xf2
36.Qa6xd6 g4
37.fxg4 hxg4
38.Qd6d2 g3
39.Kh1 f5
40.exf5 Qe8h5
{ resign }
0-1

[Event "Tourn. n9713"]
[Site "www.chess-mail.com"]
[Date "2018.03.21"]
[Round "1"]
[White "Osopanda"]
[Black "Julian"]
[WhiteElo "1890"]
[BlackElo "1800"]
[Result "1-0"]
[Round "1"]
1.e4 c5
2.Ng1f3 Nb8c6
3.c3 e5
4.d4 cxd4
5.cxd4 exd4
6.Nf3xd4 d5
7.exd5 Qd8xd5
8.Bc1e3 Ng8f6
9.Nb1c3 Bf8b4
10.Bf1b5 O-O
11.O-O Nc6xd4
12.Be3xd4 Bc8e6
13.Nc3xd5 Nf6xd5
14.a3 Bb4d6
15.Qd1h5 Nd5f4
16.Qh5g5 Nf4g6
17.h4 Bd6f4
18.Qg5h5 a6
19.Bb5d3 Ra8d8
20.Bd3xg6 fxg6
21.Qh5c5 Rd8d5
22.Qc5xf8 Kxf8
23.Bd4c3 b5
24.g3 Bf4d6
25.f4 Be6g4
26.Ra1e1 Bd6c5
27.Kg2 h5
28.Re1e5 Rd5xe5
29.fxe5 Ke7
30.e6 Kxe6
31.Bc3xg7 a5
32.Rf1f6 Kd5
33.Rf6xg6 b4
34.Rg6g5 Kc4
35.b3 Kxb3
36.Rg5xc5 { resign }
1-0

[Event "Tourn. n9748"]
[Site "www.chess-mail.com"]
[Date "2018.03.21"]
[Round "1"]
[White "Falcoale"]
[Black "Caroluigi"]
[WhiteElo "1880"]
[BlackElo "1800"]
[Result "0-1"]
[Round "1"]
1.e4 e5
2.Ng1f3 Nb8c6
3.b3 d6
4.Bc1b2 Ng8f6
5.d3 Bc8e6
6.h3 h6
7.Nb1c3 Bf8e7
8.d4 exd4
9.Nf3xd4 Nc6xd4
10.Bf1d3 Nd4c6
11.O-O g5
12.Nc3d5 Rh8g8
13.Qd1f3 Be6xd5
14.exd5 Nc6e5
15.Bb2xe5 dxe5
16.Ra1e1 Qd8xd5
17.Qf3xd5 Nf6xd5
18.Re1xe5 O-O-O
19.Bd3c4 c6
20.Bc4xd5 Be7d6
21.Re5f5 cxd5
22.Rf5xf7 Rg8f8
23.Rf7xf8 Bd6xf8
24.Rf1d1 Bf8c5
25.Kf1 Kc7
26.f3 Rd8d7
27.Rd1e1 Bc5d6
28.Re1d1 Bd6g3
29.Ke2 Kc6
30.Kd3 Kc5
31.c3 a5
32.Kc2 Rd7e7
33.a3 Re7e2
34.Rd1d2 Re2xd2
35.Kxd2 b5
36.Kd3 Bg3e1
37.c4 dxc4
38.bxc4 bxc4
39.Kc2 Kd4
40.a4 c3
{ resign }
0-1

[Event "Tourn. n9746"]
[Site "www.chess-mail.com"]
[Date "2018.03.21"]
[Round "1"]
[White "Cal"]
[Black "Fegatux"]
[WhiteElo "1530"]
[BlackElo "1499"]
[Result "0-1"]
[Round "1"]
1.d4 Ng8f6
2.Nb1c3 d6
3.e3 g6
4.h3 Bf8g7
5.Ng1f3 O-O
6.a3 Nb8d7
7.Bf1c4 c6
8.O-O d5
9.Bc4d3 Qd8c7
10.b4 e5
11.dxe5 Nd7xe5
12.Nf3d4 Ne5xd3
13.cxd3 Nf6d7
14.f4 Nd7f6
15.Bc1b2 Rf8e8
16.Nc3e2 Re8xe3
17.Nd4f3 Bc8f5
18.Ne2g3 Bf5xd3
19.Nf3g5 Re3xg3
20.Bb2e5 Qc7b6
21.Kh2 Bd3xf1
22.Kxg3 Qb6e3
23.Ng5f3 Nf6h5
24.Kg4 Bg7xe5
25.fxe5 Qe3f4
{ resign }
0-1

[Event "Tourn. n9718"]
[Site "www.chess-mail.com"]
[Date "2018.03.21"]
[Round "1"]
[White "Wegaman"]
[Black "Bojan"]
[WhiteElo "2040"]
[BlackElo "1950"]
[Result "1/2-1/2"]
[Round "1"]
1.d4 d5
2.c4 Ng8f6
3.Nb1c3 dxc4
4.e4 e6
5.Bf1xc4 Bf8b4
6.f3 a6
7.Ng1e2 Bc8d7
8.O-O h6
9.Qd1c2 Nb8c6
10.a3 Bb4a5
11.Bc1e3 Ba5b6
12.Ra1c1 e5
13.Nc3d5 exd4
14.Be3f2 Bd7e6
15.Nd5xf6 Qd8xf6
16.Bc4d3 Ra8d8
17.Bf2g3 Rd8d7
18.Qc2a4 Nc6e5
19.Bg3xe5 Qf6g6
20.Ne2f4 Qg6g5
21.Nf4xe6 Qg5xe5
22.Ne6xg7 Qe5xg7
23.Qa4b4 Qg7e5
24.f4 Qe5g7
25.Rf1f3 Rh8g8
26.Rf3g3 Qg7h8
27.Rg3xg8 Qh8xg8
28.a4 a5
29.Qb4b3 Qg8g4
30.Bd3b5 Qg4xf4
31.Bb5xd7 Kxd7
32.Qb3c4 Ke7
33.Rc1d1 Qf4xe4
34.Kh1 Qe4f4
35.Rd1f1 Qf4e5
36.Qc4xf7 Kd8
37.Qf7g8 Ke7
38.Rf1f7 Kd6
39.Qg8d8 Kc5
40.Rf7f1 Kb4
41.Qd8d7 Kb3
42.h3 Kxb2
43.Qd7g4 Ka3
44.Qg4f3 Kxa4
45.Rf1a1 Kb4
46.Ra1b1 Kc5
47.Qf3d3 Kc6
48.Qd3g6 Qe5d6
49.Qg6e4 { draw }
1/2-1/2

[Event "Tourn. n9737"]
[Site "www.chess-mail.com"]
[Date "2018.03.21"]
[Round "1"]
[White "Cal"]
[Black "Hansen"]
[WhiteElo "1480"]
[BlackElo "1530"]
[Result "1-0"]
[Round "1"]
1.d4 d5
2.h3 h6
3.Nb1c3 g5
4.e3 f5
5.a3 g4
6.hxg4 f4
7.e4 f3
8.Qd1xf3 Ng8f6
9.e5 Bc8xg4
10.Qf3f4 e6
11.exf6 Bg4f5
12.Bc1d2 Rh8g8
13.Ng1f3 Rg8g4
14.Qf4e3 b6
15.Nc3e2 Bf5xc2
16.Qe3e5 Rg4e4
17.Qe5h5 Kd7
18.Nf3e5 Kc8
19.Ne5f7 Qd8xf6
20.Nf7e5 c5
21.Qh5e8 Kb7
22.Bd2e3 cxd4
23.Be3xd4 Re4xd4
24.Rh1h5 Nb8a6
25.Qe8c6 Kb8
26.Ne5d7 { resign }
1-0

[Event "Tourn. n9735"]
[Site "www.chess-mail.com"]
[Date "2018.03.21"]
[Round "1"]
[White "Picifarkinca"]
[Black "Jjmcbride"]
[WhiteElo "1750"]
[BlackElo "1730"]
[Result "1-0"]
[Round "1"]
1.d4 d5
2.c4 Ng8f6
3.cxd5 Nf6xd5
4.e4 Nd5f6
5.Nb1c3 e5
6.d5 Bf8b4
7.Qd1a4 c6
8.Qa4xb4 a5
9.Qb4a3 b5
10.Qa3c5  { time }
1-0

[Event "Match"]
[Site "www.echecsemail.com"]
[Date "2018.03.21"]
[Round "1"]
[White "Lcbunghai"]
[Black "Chapi"]
[WhiteElo "2020"]
[BlackElo "2140"]
[Result "0-1"]
[Round "1"]
1.c4 c5
2.Nb1c3 Nb8c6
3.Ng1f3 g6
4.g3 Bf8g7
5.Bf1g2 Ng8f6
6.d3 O-O
7.O-O b6
8.a3 Bc8b7
9.e3 d5
10.cxd5 Nf6xd5
11.Nc3xd5 Qd8xd5
12.e4 Qd5d7
13.Ra1b1 Rf8d8
14.Nf3e1 Nc6e5
{ resign }
0-1

[Event "Match"]
[Site "www.echecsemail.com"]
[Date "2018.03.21"]
[Round "1"]
[White "Sociopath"]
[Black "Rons"]
[WhiteElo "2209"]
[BlackElo "2710"]
[Result "1/2-1/2"]
[Round "1"]
1.e4 c5
2.Ng1f3 d6
3.d4 cxd4
4.Nf3xd4 Ng8f6
5.Nb1c3 a6
6.Bc1e3 e6
7.f3 b5
8.Qd1d2 Nb8d7
9.g4 h6
10.O-O-O Bc8b7
11.h4 b4
12.Nc3e2 d5
13.exd5 Nf6xd5
14.Ne2f4 Nd5xe3
15.Qd2xe3 Qd8b6
16.Bf1d3 Bf8c5
17.Nf4xe6 Qb6xe6
18.Qe3xe6 fxe6
19.Nd4xe6 Bc5e3
20.Kb1 Bb7xf3
21.Ne6c7 Ke7
22.Nc7xa8 Rh8xa8
23.Bd3e4 Bf3xe4
24.Rh1e1 Ra8f8
25.Re1xe3 Rf8f4
26.g5 Rf4xh4
27.gxh6 gxh6
28.a3 bxa3
29.Re3xa3 h5
30.Ra3xa6 Rh4f4
31.Kc1 h4
32.Ra6h6 Nd7e5
33.Rh6h5 Ne5f3
34.b4 Rf4g4
35.Rd1h1 Be4g6
36.Rh5h6 Kf6
37.Rh1f1 Kg7
38.Rh6xg6 Kxg6
39.Rf1xf3 Rg4xb4
40.Kd2 Kg5
41.Ke2 Kg4
42.Kf2 Rb4a4
43.Rf3d3 h3
44.Kg1 Ra4e4
45.c4 Re4xc4
46.Rd3d2 Rc4e4
47.Rd2d8 Re4e1
48.Kh2 Re1e2
49.Kh1 { draw }
1/2-1/2

[Event "Match"]
[Site "www.echecsemail.com"]
[Date "2018.03.21"]
[Round "1"]
[White "Gilliere"]
[Black "Estonia"]
[WhiteElo "2040"]
[BlackElo "1980"]
[Result "1/2-1/2"]
[Round "1"]
1.e4 e5
2.Ng1f3 Nb8c6
3.Bf1b5 Nc6d4
4.Nf3xd4 exd4
5.d3 Bf8b4
6.Bc1d2 a5
7.a3 Bb4xd2
8.Nb1xd2 c6
9.Bb5c4 d5
10.exd5 cxd5
11.Bc4a2 Ng8f6
12.h3 O-O
13.O-O Bc8e6
14.Nd2f3 Qd8b6
15.Ra1b1 Ra8c8
16.Qd1d2 h6
17.Rf1c1 Nf6d7
18.Qd2f4 Qb6c7
19.Qf4xc7 Rc8xc7
20.Nf3xd4 Rf8c8
21.Nd4xe6 fxe6
22.c3 Nd7c5
23.Rc1d1 b5
24.c4 bxc4
25.dxc4 dxc4
26.Ba2xc4 Kh8
27.b3 e5
28.a4 e4
29.Rd1d5 Nc5xa4
30.bxa4 Rc7xc4
31.Rd5xa5 Rc4c3
32.Ra5b5 e3
33.fxe3 Rc3xe3
34.a5 Re3a3
35.Rb5b8 Rc8xb8
36.Rb1xb8 Kh7
37.Rb8a8 h5
38.a6 Kg6
39.a7 Kg5
40.Kh2 h4
41.Kg1 g6
42.Kf2 Ra3a2
43.Kf3 Ra2a4
44.Kf2 Ra4a2
45.Kf3 { draw }
1/2-1/2

[Event "Match"]
[Site "www.echecsemail.com"]
[Date "2018.03.21"]
[Round "1"]
[White "Vgrynyuk"]
[Black "Nimzo"]
[WhiteElo "2760"]
[BlackElo "2870"]
[Result "1/2-1/2"]
[Round "1"]
1.e4 e5
2.Ng1f3 Nb8c6
3.Bf1b5 Ng8f6
4.O-O Nf6xe4
5.d4 Ne4d6
6.Bb5xc6 dxc6
7.dxe5 Nd6f5
8.Qd1xd8 Kxd8
9.Nb1c3 Ke8
10.b3 b6
11.Bc1b2 Bc8b7
12.Ra1d1 Bf8e7
13.g4 Nf5h4
14.Nf3xh4 Be7xh4
15.f4 Ra8d8
16.Rd1xd8 Bh4xd8
17.Kf2 Bb7c8
18.Kg3 Bd8e7
19.f5 h5
20.h3 hxg4
21.hxg4 Bc8b7
22.Rf1d1 c5
{ draw }
1/2-1/2

[Event "1/64 Finale"]
[Site "www.chess-mail.com"]
[Date "2018.03.21"]
[Round "1"]
[White "Drawlward"]
[Black "Danquigley"]
[WhiteElo "2520"]
[BlackElo "2560"]
[Result "1/2-1/2"]
[Round "1"]
1.e4 d6
2.d4 Ng8f6
3.Nb1c3 g6
4.f4 Bf8g7
5.Ng1f3 O-O
6.Bf1d3 Nb8a6
7.O-O c5
8.d5 Ra8b8
9.Qd1e2 Qd8b6
10.Kh1 Na6b4
11.Bd3c4 e6
12.a3 exd5
13.axb4 dxc4
14.bxc5 Qb6xc5
15.Bc1e3 Qc5c6
16.Be3xa7 Rb8a8
17.Nf3d4 Qc6d7
18.Nd4b5 b6
19.Qe2xc4 Bc8b7
20.Qc4c7 Ra8d8
21.Rf1e1 Bb7c6
22.Qc7xd7 Rd8xd7
23.Kg1 Nf6h5
24.g3 f5
25.Re1d1 fxe4
26.Nb5d4 Bg7xd4
27.Rd1xd4 b5
28.Ra1a6 Rf8c8
29.Nc3a2 d5
30.Na2b4 Bc6b7
31.Ra6a5 Nh5f6
32.Ba7b6 g5
33.Rd4d2 Nf6g4
34.Bb6d4 Rc8f8
35.Rd2g2 Ng4h6
36.fxg5 Nh6f5
37.c3 Nf5xd4
38.cxd4 Rd7f7
39.h4 Rf7f1
40.Kh2 Rf1d1
41.Nb4c2 Bb7c8
42.g4 Bc8e6
43.Ra5a6 Rf8e8
44.h5 Rd1d3
45.Rg2g3 Rd3d2
46.Rg3g2 { draw }
1/2-1/2

[Event "1/32 Finale"]
[Site "www.chess-mail.com"]
[Date "2018.03.21"]
[Round "1"]
[White "Panham"]
[Black "Bronstein70"]
[WhiteElo "2250"]
[BlackElo "2450"]
[Result "0-1"]
[Round "1"]
1.e4 e5
2.Ng1f3 Ng8f6
3.Nf3xe5 d6
4.Ne5f3 Nf6xe4
5.d4 d5
6.Bf1d3 Bf8e7
7.O-O O-O
8.Rf1e1 Ne4f6
9.Bc1g5 h6
10.Bg5h4 Nb8c6
11.c3 g5
12.Bh4g3 Nf6h5
13.Nf3e5 Nh5xg3
14.hxg3 Nc6xe5
15.dxe5 c5
16.Qd1h5 c4
17.Bd3c2 Qd8b6
18.e6 Kg7
19.exf7 Rf8xf7
20.Re1e2 Be7c5
21.Kh2 Bc5xf2
22.Re2e8 Bf2xg3
23.Kxg3 Qb6d6
{ resign }
0-1

[Event "1/16 Finale"]
[Site "www.chess-mail.com"]
[Date "2018.03.21"]
[Round "1"]
[White "Sandokam"]
[Black "Nimzo"]
[WhiteElo "2420"]
[BlackElo "2860"]
[Result "1/2-1/2"]
[Round "1"]
1.e4 e5
2.Ng1f3 Nb8c6
3.Bf1b5 Ng8f6
4.O-O Nf6xe4
5.Rf1e1 Ne4d6
6.Nf3xe5 Bf8e7
7.Bb5f1 Nc6xe5
8.Re1xe5 O-O
9.Nb1c3 Nd6e8
10.Nc3d5 Be7d6
11.Re5e1 c6
12.Nd5e3 Bd6e7
13.Ne3f5 Be7f6
14.Qd1e2 d5
15.Nf5e7 Kh8
16.Ne7xc8 Ra8xc8
17.d3 Kg8
18.Qe2g4 g6
19.c3 Ne8g7
20.g3 h5
{ draw }
1/2-1/2

[Event "Tourn. n9687"]
[Site "www.chess-mail.com"]
[Date "2018.03.22"]
[Round "1"]
[White "Sahlapalat"]
[Black "Jackbauer"]
[WhiteElo "2090"]
[BlackElo "1820"]
[Result "1-0"]
[Round "1"]
1.c4 c5
2.Ng1f3 d6
3.g3 Nb8c6
4.Bf1g2 Ng8f6
5.O-O h6
6.Nb1c3 e5
7.d3 Bf8e7
8.a3 O-O
9.Ra1b1 a6
10.b4 b6
11.Nf3xe5 Nc6xe5
12.Bg2xa8 Bc8h3
13.Ba8g2 Bh3e6
14.Bc1d2 Nf6h7
15.Nc3d5 Be6xd5
16.Bg2xd5 Nh7f6
17.Bd5g2 Kh8
18.Bd2c3 Qd8c7
19.h3 d5
20.bxc5 bxc5
21.cxd5 Be7d6
22.Qd1a4 Rf8e8
23.Qa4xa6 Ne5d7
24.Rb1b7 Nd7b8
25.Rb7xc7 Bd6xc7
26.Qa6b7 Bc7d6
27.Qb7xf7 Re8e7
28.Qf7f8 Kh7
29.Bc3xf6 Nb8d7
30.Bg2e4 Re7xe4
31.Qf8xg7 { resign }
1-0

[Event "Tourn. n9721"]
[Site "www.chess-mail.com"]
[Date "2018.03.22"]
[Round "1"]
[White "Osopanda"]
[Black "Odin"]
[WhiteElo "1910"]
[BlackElo "1910"]
[Result "1/2-1/2"]
[Round "1"]
1.e4 e5
2.Ng1f3 Ng8f6
3.d3 Nb8c6
4.c3 Bf8e7
5.Bc1g5 h6
6.Bg5e3 Nf6g4
7.Bf1e2 Ng4xe3
8.fxe3 d6
9.O-O O-O
10.d4 Bc8g4
11.Nb1d2 Be7g5
12.Nf3xg5 Bg4xe2
13.Qd1xe2 Qd8xg5
14.Nd2f3 Qg5h5
15.Rf1f2 f5
16.exf5 Rf8xf5
17.dxe5 dxe5
18.Ra1f1 Ra8f8
19.e4 Rf5f4
20.Qe2c4 Qh5f7
21.Qc4xf7 Rf8xf7
22.Nf3d2 Rf4xf2
23.Rf1xf2 Rf7xf2
{ draw }
1/2-1/2

[Event "Tourn. n9712"]
[Site "www.chess-mail.com"]
[Date "2018.03.22"]
[Round "1"]
[White "Fantomas"]
[Black "Sportuga"]
[WhiteElo "2270"]
[BlackElo "2380"]
[Result "0-1"]
[Round "1"]
1.e4 c6
2.d4 d5
3.exd5 cxd5
4.Bc1e3 Ng8f6
5.h3 Bc8f5
6.Bf1d3 Bf5xd3
7.Qd1xd3 e6
8.c3 Bf8d6
9.Ng1e2 Qd8b6
10.b3 Nb8c6
11.O-O O-O
12.b4 Ra8c8
13.a4 Qb6c7
14.Nb1a3 Qc7d7
15.Na3b5 Bd6b8
16.a5 e5
17.Nb5a3 e4
18.Qd3d2 Nc6d8
19.Ra1c1 Nd8e6
20.Ne2f4 a6
21.Nf4xe6 fxe6
22.Be3f4 Bb8xf4
23.Qd2xf4 Nf6h5
24.Qf4e3 Rf8f6
25.Na3c2 Rc8f8
26.Rc1d1 Nh5f4
27.Nc2e1 Rf6g6
28.Kh2 Nf4xg2
29.Ne1xg2 Rf8f3
{ resign }
0-1

[Event "Tourn. n9641"]
[Site "www.chess-mail.com"]
[Date "2018.03.22"]
[Round "1"]
[White "Sahlapalat"]
[Black "Tevere"]
[WhiteElo "1890"]
[BlackElo "2010"]
[Result "0-1"]
[Round "1"]
1.d4 Ng8f6
2.c4 d6
3.Ng1f3 g6
4.Nb1c3 Bf8g7
5.e4 O-O
6.Bf1e2 b6
7.O-O Nb8d7
8.Bc1g5 c5
9.d5 Qd8c7
10.h3 Bc8b7
11.Rf1e1 Ra8d8
12.Qd1d2 Rd8e8
13.Ra1d1 Re8a8
14.Nf3h2 Ra8e8
15.f4 Qc7b8
16.Be2g4 Nf6xg4
17.Nh2xg4 Bb7a6
18.b3 Kh8
19.Bg5h6 Bg7xh6
20.Ng4xh6 Nd7f6
21.e5 Nf6g8
22.f5 Ng8xh6
23.Qd2xh6 gxf5
24.exd6 Qb8xd6
25.Qh6e3 Rf8g8
26.Nc3e2 b5
27.Ne2f4 bxc4
28.bxc4 f6
29.Rd1c1 Ba6c8
30.Re1d1 Rg8g5
31.Rc1c3 e5
32.Nf4d3 Re8g8
33.Qe3xc5 Qd6xc5
34.Nd3xc5 Rg5xg2
35.Kh1 Rg2xa2
36.Rd1g1 Rg8xg1
37.Kxg1 f4
38.Nc5e4 Kg7
39.c5 Ra2a1
40.Kf2 Ra1d1
41.Ne4d6 Bc8d7
42.Rc3a3 a5
43.Ra3xa5 Bd7xh3
44.c6 Kh6
45.Ra5c5 Rd1d2
46.Ke1 Rd2a2
47.c7 f3
48.Nd6e4 Ra2e2
49.Kd1 Re2xe4
50.Rc5c2 Bh3g4
51.Kc1 Re4e1
52.Kb2 Re1e2
{ resign }
0-1

[Event "Tourn. n9766"]
[Site "www.chess-mail.com"]
[Date "2018.03.22"]
[Round "1"]
[White "Ff333"]
[Black "Fantomas"]
[WhiteElo "2050"]
[BlackElo "2230"]
[Result "1-0"]
[Round "1"]
1.e4 e5
2.Bf1c4 Ng8f6
3.Nb1c3 d6
4.Ng1f3 Bc8g4
5.O-O Bf8e7
6.h3 Bg4h5
7.Bc4e2 h6
8.Nf3h2 Bh5g6
9.d3 Nb8c6
10.Nh2g4 Nf6xg4
11.Be2xg4 Nc6d4
12.Nc3d5 h5
13.Nd5xe7 Qd8xe7
14.Bg4f3 Nd4xf3
15.Qd1xf3 O-O-O
16.Qf3g3 Qe7e8
17.Bc1g5 f6
18.Bg5e3 Kb8
19.f4 exf4
20.Be3xf4 Rd8d7
21.c4 Bg6h7
22.Bf4e3 Qe8e5
23.Qg3f2 b6
24.a4 c5
25.a5 Rh8e8
26.Be3f4 Qe5e7
27.b4 Re8c8
28.axb6 axb6
29.Qf2a2 Rd7b7
30.bxc5 bxc5
31.Rf1b1 { resign }
1-0

[Event "Tourn. n9619"]
[Site "www.chess-mail.com"]
[Date "2018.03.22"]
[Round "1"]
[White "Luizassis"]
[Black "Scruffy"]
[WhiteElo "1350"]
[BlackElo "1299"]
[Result "0-1"]
[Round "1"]
1.e4 c5
2.Bf1c4 Nb8c6
3.Ng1f3 Ng8f6
4.Nb1c3 e6
5.O-O Nf6xe4
6.Qd1e2 Ne4xc3
 { time }
0-1

[Event "Tourn. n9761"]
[Site "www.chess-mail.com"]
[Date "2018.03.22"]
[Round "1"]
[White "Fegatux"]
[Black "Dussek"]
[WhiteElo "2169"]
[BlackElo "1670"]
[Result "1-0"]
[Round "1"]
1.d4 d5
2.c4 e6
3.Ng1f3 Ng8f6
4.g3 Bf8d6
5.Bf1g2 c6
6.O-O Nb8d7
7.Qd1c2 O-O
8.a3 dxc4
9.e4 Bd6c7
10.Bc1g5 e5
11.d5 cxd5
12.exd5 b5
13.Nb1c3 a6
14.Nc3e4 Bc8b7
15.Rf1d1 Nd7b6
16.Bg5xf6 gxf6
17.d6 Bc7xd6
18.Ne4xd6 Qd8c7
19.Nd6xb7 { resign }
1-0

[Event "Tourn. n9715"]
[Site "www.chess-mail.com"]
[Date "2018.03.22"]
[Round "1"]
[White "Picifarkinca"]
[Black "Julian"]
[WhiteElo "1620"]
[BlackElo "1800"]
[Result "1-0"]
[Round "1"]
1.d4 d5
2.c4 e6
3.Nb1c3 Ng8f6
4.Bc1g5 Bf8e7
5.Ng1f3 c6
6.e3 O-O
7.Bf1d3 Nb8d7
8.O-O Rf8e8
9.Ra1c1 Qd8c7
10.cxd5 exd5
11.Qd1c2 Qc7d6
12.Bg5f4 Qd6b4
13.Bf4c7 Nd7f8
14.a3 Qb4b6
15.Bc7xb6 axb6
16.Rf1e1 Be7d6
17.e4 dxe4
18.Nc3xe4 Nf6xe4
19.Bd3xe4 Bc8g4
20.h3 Bg4h5
21.Nf3g5 Bh5g6
22.Be4xg6 hxg6
23.Qc2b3 Re8xe1
24.Rc1xe1 b5
25.Ng5xf7 { resign }
1-0

[Event "Tourn. n9715"]
[Site "www.chess-mail.com"]
[Date "2018.03.22"]
[Round "1"]
[White "Dussek"]
[Black "Julian"]
[WhiteElo "1780"]
[BlackElo "1800"]
[Result "1-0"]
[Round "1"]
1.c4 Ng8f6
2.Ng1f3 d6
3.Nb1c3 g6
4.d4 Bf8g7
5.e4 c5
6.d5 O-O
7.Bf1d3 e6
8.O-O exd5
9.cxd5 Bc8g4
10.Bd3e2 Nb8d7
11.h3 Bg4xf3
12.Be2xf3 Nd7e5
13.Bf3e2 a6
14.Bc1g5 h6
15.Bg5h4 Qd8b6
16.Nc3a4 Qb6b4
17.b3 b5
18.Na4b2 Qb4xe4
19.Bh4g3 Qe4xd5
20.Qd1c2 Nf6e4
21.Ra1d1 Qd5c6
22.Bg3xe5 Bg7xe5
23.Be2f3 d5
24.Nb2d3 Be5g7
25.Nd3b4 Qc6b7
26.Nb4xd5 f5
27.b4 c4
28.Bf3xe4 fxe4
29.Qc2xe4 Qb7f7
30.Nd5b6 Ra8e8
31.Qe4c6 Re8e6
32.Rd1d6 Re6xd6
33.Qc6xd6 Bg7d4
34.Qd6xd4 g5
35.Qd4d5 Rf8b8
36.Qd5xf7 Kxf7
37.Nb6d7 Rb8d8
38.Nd7e5 Ke6
39.Rf1e1 Rd8d2
40.Ne5f3 { resign }
1-0

[Event "Tourn. n9712"]
[Site "www.chess-mail.com"]
[Date "2018.03.22"]
[Round "1"]
[White "Jaroslavpech"]
[Black "Fantomas"]
[WhiteElo "2390"]
[BlackElo "2280"]
[Result "1-0"]
[Round "1"]
1.e4 e5
2.Ng1f3 Nb8c6
3.Bf1b5 a6
4.Bb5a4 Bf8e7
5.O-O b5
6.Ba4b3 Ng8f6
7.Rf1e1 d6
8.c3 Nc6a5
9.Bb3c2 O-O
10.d4 Na5c6
11.h3 Rf8e8
12.Bc1e3 Bc8b7
13.Nb1d2 h6
14.Qd1e2 Be7f8
15.a3 d5
16.Nf3xe5 Nc6xe5
17.dxe5 Nf6xe4
18.f4 f5
19.a4 c6
20.Qe2h5 Bb7c8
21.axb5 cxb5
22.Nd2xe4 fxe4
23.Ra1d1 Bc8e6
24.Bc2xe4 Be6f7
25.Qh5f5 g6
26.Qf5g4 { resign }
1-0

[Event "Tourn. n9754"]
[Site "www.chess-mail.com"]
[Date "2018.03.22"]
[Round "1"]
[White "Fantomas"]
[Black "Amaya"]
[WhiteElo "2260"]
[BlackElo "2140"]
[Result "1-0"]
[Round "1"]
1.c4 Ng8f6
2.d4 g6
3.Nb1c3 Bf8g7
4.Ng1f3 O-O
5.h3 d6
6.e4 Nb8d7
7.Bc1e3 Rf8e8
8.e5 dxe5
9.dxe5 Nf6h5
10.g4 Nd7xe5
11.Nf3xe5 Bg7xe5
12.gxh5 Be5xc3
13.bxc3 Bc8d7
14.hxg6 hxg6
15.Rh1g1 Qd8c8
16.Rg1g3 Re8d8
17.Be3d4 Bd7f5
18.Qd1h5 f6
19.Bf1e2 Kg7
20.Bd4e3 g5
21.Be3xg5 Rd8h8
22.Bg5h6 { resign }
1-0

[Event "Tourn. n9710"]
[Site "www.chess-mail.com"]
[Date "2018.03.22"]
[Round "1"]
[White "Picifarkinca"]
[Black "Jjmcbride"]
[WhiteElo "1640"]
[BlackElo "1660"]
[Result "1-0"]
[Round "1"]
1.d4 d5
2.c4 e6
3.Ng1f3 b6
4.Nb1c3 c5
5.cxd5 exd5
6.g3 c4
7.e4 Bc8b7
8.e5 Qd8d7
9.h4 f6
10.Bf1h3 Qd7e7
11.O-O Nb8d7
12.Nc3b5 Nd7b8
13.exf6 Ng8xf6
14.Bc1g5 Qe7d8
15.Rf1e1 Bf8e7
16.Bh3e6 Nb8c6
{ time. }
1-0